|
|
|
|
| LEADER |
00000nam a2200000 a 4500 |
| 001 |
vtls001090021 |
| 003 |
SK-MaSNL |
| 005 |
20260301231420.0 |
| 008 |
250414s1995 xo ap r yy slo |
| 015 |
|
|
|a SNBA1995/1203125
|
| 020 |
|
|
|a 8071372102
|
| 035 |
|
|
|a SNK000032862
|
| 035 |
|
|
|a urn:nbn:sk:snk-amljuv
|
| 035 |
|
|
|a urn:nbn:sk:snk-am00bq4z
|
| 035 |
|
|
|a 688777DC-7506-4F6C-A490-D1E1AA20CDAE
|
| 040 |
|
|
|a SNK
|b slo
|c SNK
|e AACR2
|
| 041 |
0 |
|
|a slo
|
| 044 |
|
|
|a xo
|c SK
|
| 080 |
|
|
|a 631.8:635(075.8)
|2 1981
|
| 080 |
|
|
|a 635(075.8)
|2 1981
|
| 245 |
0 |
0 |
|a Hnojenie záhradných plodín
|c Otto Ložek a kol.
|
| 260 |
|
|
|a Nitra
|b Vysoká škola poľnohospodárska
|c 1995
|
| 300 |
|
|
|a 165 s.
|b Tab.
|c 29 cm
|
| 366 |
|
|
|e 300 výt.
|
| 650 |
0 |
7 |
|a záhradníctvo
|2 SNK
|9 2729
|
| 650 |
0 |
7 |
|a hnojenie
|2 SNK
|9 14850
|
| 655 |
|
7 |
|a učebnice vysokých škôl
|2 SNKPH
|9 70191
|
| 700 |
1 |
|
|a Ložek, Otto,
|d 1948-
|4 aut
|9 101838
|
| 700 |
1 |
|
|a Bízik, Ján,
|d 1930-2007
|4 aut
|9 156949
|
| 700 |
1 |
|
|a Fecenko, Ján,
|d 1935-2008
|4 aut
|9 13413
|
| 700 |
1 |
|
|a Kováčik, Peter,
|d 1963-
|4 aut
|9 188611
|
| 700 |
1 |
|
|a Vnuk, Ľubomír,
|d 1931-2009
|4 aut
|9 39179
|
| 852 |
|
|
|a Slovenská národná knižnica
|
| 919 |
|
|
|a 80-7137-210-2
|
| 954 |
|
|
|a hnojenie
|a záhradníctvo
|
| 958 |
0 |
7 |
|a RM
|
| 958 |
0 |
7 |
|a UV
|
| 958 |
0 |
7 |
|a NB
|
| 958 |
|
|
|a OND
|
| 999 |
|
|
|c 958272
|d 960202
|
| 952 |
|
|
|t P60, <09>, [BOOK], {629}
|a SNK
|b SNK
|y NEVYP
|7 0
|o snkB 1216
|i snk4003/951128
|0 0
|1 0
|4 0
|d 1995-11-27
|l 0
|r 2004-12-31 00:00:00
|w 2026-02-24
|
| 952 |
|
|
|t P60, <03>, [BOOK], {603}
|a SNK
|b SNK
|y PREZ
|7 0
|o snkSB 54763
|i snkKSP 9767/95
|0 0
|1 0
|4 0
|d 1995-11-27
|l 0
|r 2004-12-31 00:00:00
|w 2026-02-24
|
| 952 |
|
|
|t P60, <04>, [BOOK], {604}
|a SNK
|b SNK
|y VYP
|7 0
|p 17A0007570
|o snkSB 54763 D1
|i snkKSP 9768/95
|0 0
|1 0
|4 0
|d 1995-11-27
|l 0
|r 2004-12-31 00:00:00
|w 2026-02-24
|
| 952 |
|
|
|t P60, <03>, [BOOK], {603}
|a SNK
|b SNK
|y PREZ
|7 0
|p 17A0235882
|o snkSB 54763
|0 0
|1 0
|4 0
|d 2000-04-28
|f 1
|l 0
|r 2025-03-26 00:00:00
|w 2026-02-24
|